000 00886nam a2200253 i 4500
001 bg
100 1 _aBOROWIK, Lech
245 1 0 _aPozyskiwanie wiedzy do celów diagnostyki wybranych urządzeń elektrotermicznych w eksperymentach biernych /
_cLech Borowik.
260 _aCzęstochowa :
_bWydawnictwa PC,
_c2003.
300 _a153 s. :
_brys., tab., wykr. ;
_c24 cm.
490 1 _aMonografie / Politechnika Częstochowska,
_x0860-5017 ;
_vnr 95
500 _aStreszcz. ang., ros.
504 _aBibliogr. s. 143-150, wykaz norm s. 151.
650 9 _aDiagnostyka techniczna
650 9 _aElektrotermia
_xurządzenia
_xbadanie
830 0 _aMonografie (Politechnika Częstochowska) ;
_vnr 95
020 _a8371932219
040 _cBPK
041 0 _apol
_bengrus
080 _a621.365.002.5
920 _a83-7193-221-9
942 _cKS
008 s pl f |000 0 pol
999 _c44576
_d44576
856 _uhttp://koha.tu.koszalin.pl/cgi-bin/koha/opac-detail.pl?biblionumber=44576
_yKatalog online BPK